Явище тексту в інформаційному процесі ХХ-ХХІ ст. (Запис № 284908)
[ простий вигляд ]
| 000 -LEADER | |
|---|---|
| fixed length control field | 01875nam a22001577a 4500 |
| 041 ## - LANGUAGE CODE | |
| Language code of text/sound track or separate title | ukr |
| 080 ## - UNIVERSAL DECIMAL CLASSIFICATION NUMBER | |
| Universal Decimal Classification number | 09 |
| 090 ## - LOCALLY ASSIGNED LC-TYPE CALL NUMBER (OCLC); LOCAL CALL NUMBER (OCLC) | |
| Local cutter number (OCLC) ; Book number/undivided call number, CALL (RLIN) | ТОВ |
| 100 ## - MAIN ENTRY--PERSONAL NAME | |
| Personal name | Товарков О. О. |
| 245 ## - TITLE STATEMENT | |
| Title | Явище тексту в інформаційному процесі ХХ-ХХІ ст. |
| 260 ## - PUBLICATION, DISTRIBUTION, ETC. (IMPRINT) | |
| Place of publication, distribution, etc | Острог |
| Name of publisher, distributor, etc | КАФ |
| Date of publication, distribution, etc | 2012 |
| 300 ## - PHYSICAL DESCRIPTION | |
| Extent | 65 |
| 520 ## - SUMMARY, ETC. | |
| Summary, etc | РОЗДІЛ 1. ТЕКСТ В СУЧАСНІЙ НАУКОВІЙ ПАРАДИГМІ.<br/>1.1. Поняття та етимологія слова "текст".<br/>1.2. Диференціація понять ТЕКСТ, ТВІР, ДАНІ, ТЕКСТОВІ ДАНІ, ІНФОРМАЦІЯ.<br/>1.3. Історичний контекст змін феномену тексту.<br/>1.4. Текст в сучасних лінгвістичних течіях.<br/>1.5. Текст в парадигмі сучасних наук.<br/>РОЗДІЛ 2. ОСНОВНІ ТЕОРЕТИЧНІ ЗАСАДИ ІНТЕРПРИТАЦІЇ ЛІТЕРАТУРНОГО ТЕКСТУ.<br/>2.1. Семіотичний феномен співтворчої ролі адресата.<br/>2.2. Модель читача.<br/>2.3. Комунікативна сутність тексту.<br/>2.4. Інші концепції інтерпритації літературного тексту.<br/>РОЗДІЛ 3. ОСНОВНІ ТЕОРЕТИЧНІ ЗАСАДИ ІНТЕРПРИТАЦІЇ НЕЛІТЕРАТУРНОГО ЕЛЕКТРОННОГО ТЕКСТУ.<br/>3.1. Нелітературний текст.<br/>3.2. Електронний текст.<br/>3.3. Аналіз та інтерпритація літературного поетичног тексту.<br/>3.4. Аналіз та інтерпритація електронного тексту.<br/>3.5. Функціональні особливості електронного тексту. |
| -- | текст |
| 650 ## - SUBJECT ADDED ENTRY--TOPICAL TERM | |
| Topical term or geographic name as entry element | Research Papers |
| 942 ## - ADDED ENTRY ELEMENTS (KOHA) | |
| Koha item type | Книги |
| Withdrawn status | Lost status | Source of classification or shelving scheme | Damaged status | Not for loan | Home library | Current library | Date acquired | Source of acquisition | Cost, normal purchase price | Total Checkouts | Full call number | Barcode | Date last seen | Price effective from | Koha item type |
|---|---|---|---|---|---|---|---|---|---|---|---|---|---|---|---|
| Universal Decimal Classification | ВІЛ - Відділ іноземн. літератури НБ | ВІЛ - Відділ іноземн. літератури НБ | 17/09/2012 | Акт №4 | 1.00 | 09 | 214918 | 09/11/2021 | 17/09/2012 | Книги |